| 000 | 00655cab a2200241 4500 | ||
|---|---|---|---|
| 001 | X2499 | ||
| 008 | 090401t1995 xxu||||| |||| 00| 0 eng d | ||
| 035 | _a(Sirsi) u24665 | ||
| 041 | _aeng | ||
| 245 | _aTrafalgar House Construction (Regions) Ltd v General Surety & Guarantees Co Ltd | ||
| 260 | _c1995 | ||
| 350 | _a0 | ||
| 490 |
_aConstruction Industry Law Letter _v1995 CILL 1070-1072(3) |
||
| 520 | _aHL 29 June 1995. | ||
| 650 | _aBONDS | ||
| 650 | _aGUARANTEES | ||
| 650 | _aLEAVE TO DEFEND | ||
| 650 | _aLIABILITY | ||
| 650 | _aPERFORMANCE BONDS | ||
| 690 | _aBUILDING AND CONSTRUCTION-CASE LAW | ||
| 942 | _n0 | ||
| 948 | _c04/03/1997 | ||
| 999 |
_c16547 _d16547 |
||